000
00291nam a2200109Ia 4500
008
200302s9999 xx 000 0 und d
100
_a
Andrew Pressman
245
_a
Designing Architecture the Elements of Process
260
_b
Routledge Taylor & Francis Group
260
_c
2012
300
_a
205
999
_c
3311
_d
3311